Verde Valley lore / (Record no. 1428)

MARC details
000 -LEADER
fixed length control field 00911nam a2200289 a 4500
005 - DATE AND TIME OF LATEST TRANSACTION
control field 20260322212100.0
008 - FIXED-LENGTH DATA ELEMENTS--GENERAL INFORMATION
fixed length control field data
010 ## - LIBRARY OF CONGRESS CONTROL NUMBER
LC control number 97093667
020 ## - INTERNATIONAL STANDARD BOOK NUMBER
International Standard Book Number 0965993701
020 ## - INTERNATIONAL STANDARD BOOK NUMBER
International Standard Book Number 9780965993708
040 ## - CATALOGING SOURCE
Original cataloging agency AzM
Transcribing agency AzM
Modifying agency DLC
042 ## - AUTHENTICATION CODE
Authentication code lccopycat
043 ## - GEOGRAPHIC AREA CODE
Geographic area code n-us-az
050 00 - LIBRARY OF CONGRESS CALL NUMBER
Classification number F817.V37
Item number M36 1997
082 00 - DEWEY DECIMAL CLASSIFICATION NUMBER
Classification number 979.1/57
Edition information 21
092 ## - LOCALLY ASSIGNED DEWEY CALL NUMBER (OCLC)
Classification number 979.1 M36 1997
001 - CONTROL NUMBER
control field data
100 1# - MAIN ENTRY--PERSONAL NAME
Personal name Mason, Robert H.
245 10 - TITLE STATEMENT
Title Verde Valley lore /
Statement of responsibility, etc. Robert H. Mason.
260 ## - PUBLICATION, DISTRIBUTION, ETC.
Place of publication, distribution, etc. Scottsdale, Ariz :
Name of publisher, distributor, etc. L.J. Schuster Co.,
Date of publication, distribution, etc. c1997.
300 ## - PHYSICAL DESCRIPTION
Extent iv, 158 p. :
Other physical details ill., map ;
Dimensions 22 cm.
500 ## - GENERAL NOTE
General note "As published in the Times of Fountain Hills."
504 ## - BIBLIOGRAPHY, ETC. NOTE
Bibliography, etc. note Includes bibliographical references (p. 148) and indexes.
651 #0 - SUBJECT ADDED ENTRY--GEOGRAPHIC NAME
Geographic name Verde River Valley (Ariz.)
General subdivision Anecdotes.
-- Anecdotes.
651 #0 - SUBJECT ADDED ENTRY--GEOGRAPHIC NAME
Geographic name Fort Verde (Ariz.)
General subdivision Anecdotes.
-- Anecdotes.
730 0# - ADDED ENTRY--UNIFORM TITLE
Uniform title Times of Fountain Hills (Fountain Hills, Ariz. : 1994)
Holdings
Withdrawn status Lost status Damaged status Not for loan Home library Current library Shelving location Date acquired Total checkouts Full call number Barcode Date last seen Price effective from Koha item type
        Pleasant Valley Pleasant Valley General stacks 22/03/2026   979.1/57 21 BC0011475 22/03/2026 22/03/2026 Books